Представление документа в формате RUSMARC

ПолеНазваниеЗначение
  Тип записи a
  Библиографический уровень m
001 Контрольный номер RU\NLR\bibl\1874958
005 Дата корректировки 20250121115006.9
010 Индекс ISBN __
a ISBN 978-5-394-01881-7 (в пер.)
d Цена 332-00
021 № государственной регистрации __
b № документа 2012-9096
b № документа 676
100 Данные общей обработки __
a Данные общей обработки 19150520d2012||||||| 0rusy0189 ca
101 Язык документа 0_
a Язык текста rus
102 Страна публикации __
a Страна публикации RU|
105 Кодированные данные (монография) __
a Кодированные данные (монография) #|||||||000zy
200 Заглавие и сведения об ответственности 1_
a Заглавие Предпринимательское право
e Сведения, относящиеся к заглавию учебник : для студентов вузов
f Первые сведения об ответственности [В. В. Ванин и др.] ; под научной редакцией С. А. Зинченко, Г. И. Колесника
b Общее обозначение материала Текст
205 Сведения об издании __
a Основные сведения об издании 5-е изд., перераб. и доп.
210 Выходные данные 1_
a Место издания Москва
c Издательство Академцентр
c Издательство Дашков и К°
d Дата издания 2012
215 Физическое описание __
a Объем 461, [1] с.
d Формат 21 см
225 Серия 2_
a Серия Серия "Учебные издания для бакалавров"
300 Общие примечания __
a Общие примечания Авт. указаны на обороте тит. л.
300 Общие примечания __
a Общие примечания 1500 экз.
320 Библиография __
a Библиография Библиогр. в подстроч. примеч.
330 Аннотация __
a Аннотация Учебник подготовлен в соответствии с Федеральным государственным образовательным стандартом третьего поколения с учетом при изложении материала предусмотренных стандартом общекультурных и профессиональных компетенций. В учебнике рассматриваются вопросы правового регулирования предпринимательской деятельности, особенности правосубъектности ее носителей, а также научные взгляды по спорным правовым проблемам предпринимательства. В основу книги положена информация, содержащаяся в системе действующего законодательства о предпринимательстве.
606 Тематические рубрики __
a Основная рубрика Право
606 Тематические рубрики __
a Основная рубрика Отрасли права, смежные с гражданским правом
z Хронологическая подрубрика 21 в.
y Географическая подрубрика Российская Федерация
y Географическая подрубрика Россия
y Географическая подрубрика РФ
610 Ключевые слова 0_
a Ключевые слова аудиторская деятельность
a Ключевые слова банкротство
a Ключевые слова государственное имущество
a Ключевые слова государственные нужды
a Ключевые слова инвестиции
a Ключевые слова инновации
a Ключевые слова инновационная деятельность
a Ключевые слова качество продукции
a Ключевые слова конкуренция
a Ключевые слова кредитные организации
a Ключевые слова монополистическая деятельность
a Ключевые слова муниципальное имущество
a Ключевые слова муниципальные нужды
a Ключевые слова несостоятельность
a Ключевые слова правовая работа
a Ключевые слова правовое регулирование
a Ключевые слова предпринимательская деятельность
a Ключевые слова предпринимательское право
a Ключевые слова предпринимательство
a Ключевые слова рекламная деятельность
a Ключевые слова рынок ценных бумаг
a Ключевые слова субъекты предпринимательской деятельности
a Ключевые слова управление качеством
686 Индексы других классификаций __
2 Код системы rubbks
a Классификационный индекс 67.404.91(2Рос)я73
701 Альтернативная интеллектуальная ответственность _1
a Фамилия Ванин
b Имя В. В.
g Полное личное имя Виталий Владимирович
4 Код отношения 070
701 Альтернативная интеллектуальная ответственность _1
a Фамилия Галов
b Имя В. В.
g Полное личное имя Владимир Викторович
4 Код отношения 070
701 Альтернативная интеллектуальная ответственность _1
a Фамилия Шапсугова
b Имя М. Д.
4 Код отношения 070
702 Вторичная интеллектуальная ответственность _1
a Фамилия Зинченко
b Имя С. А.
4 Код отношения Автор
g Полное личное имя Станислав Акимович
4 Код отношения 070
4 Код отношения 340
801 Источник записи _0
a Страна RU
b Организация Муниципальное бюджетное учреждение культуры "Централизованная библиотечная система" г. Сургут (Центральная городская библиотека им. А. С. Пушкина)
c Дата составления 20150520
g Правила каталогизации КиК/Котельникова
801 Источник записи _1
a Страна RU
b Организация Муниципальное бюджетное учреждение культуры "Централизованная библиотечная система" г. Сургут (Центральная городская библиотека им. А. С. Пушкина)
c Дата составления 20150520
g Правила каталогизации КиК/Котельникова
852 Данные о местонахождении __
j Шифр хранения 67.404.91(2Рос)я73
i Авторский знак П 71
901 Тип документа __
t Тип документа m
903 Характеристики (МАРС) __
a Дата передачи 20150520
969 Тип издания __
a Тип издания учебник
990 Данные о заказе (DOS) __
j Количество экземпляров (DOS) 1
t N записи в КСУ для И/У (DOS) 201505